000 00827nam a2200229 i 4500
001 18715
003 ES-MaACL
005 20250813030955.0
007 t|
008 020305s1970 sp ||||1| spa d
080 _a929 Lardizábal, Vicente de
080 _a61(460)"17"
100 1 _aMartí Lloret, Juan Bautista.
_977224
245 1 0 _aVicente de Lardizábal, médico donostiarra de la Ilustración /
_cpor Juan Bautista Martí Lloret.
260 _aSan Sebastián :
_bPublicaciones de la Excma. Diputación Provincial de Guipúzcoa,
_c1970.
300 _a255 p., [9] h. de lám. ;
_c25 cm.
600 1 4 _aLardizábal, Vicente de.
_970233
650 1 4 _aMedicina-
_zEspaña-
_yS.XVIII
_914905
710 1 _aGuipúzcoa.
_bDiputación Provincial.
_94555
852 _aES-MaACL
_jL-25290
_bR.130447
999 _c18715
_d18715